000 00282nam a2200109Ia 4500
005 20251222154427.0
008 251222s9999||||xx |||||||||||||| ||spa||
082 _a869.501/H96
100 _a"Hurtado de Mendoza Santander, William"
245 0 _aPoesia quechua diglosica
942 _cLIB
999 _c36269
_d36269